Statistiques concernant États de l'Union lors de la guerre de Sécession

Cliquez ici pour prendre le quiz!

Statistiques générales

  • Ce quiz a été pris 148 fois
  • Le résultat moyen est 16 sur 25

Statistiques - réponses

esclavage ?Etats% Correct
New York
92%
Maine
79%
Ohio
74%
*Virginie-Occidentale
73%
Rhode Island
70%
Michigan
69%
Vermont
68%
New Hampshire
67%
New Jersey
67%
Indiana
66%
Connecticut
65%
*Delaware
65%
*Maryland
65%
Californie
64%
Illinois
64%
Iowa
64%
*Kentucky
64%
Pennsylvanie
63%
Kansas
56%
*Missouri
55%
Wisconsin
55%
Minnesota
48%
Oregon
47%
Nevada
42%
Massachusetts
33%

Distribution des résultats

Percentile par nombre de réponses

% des personnes avec chaque résultat

Votre développement - résultats

Vous n’avez pas pris ce quiz